Leyes Nos. 19.701 a 19.725: tratados internacionales, sumario

Đã lưu trong:
Chi tiết về thư mục
Định dạng: Sách
Ngôn ngữ:Tiếng Tây Ban Nha
Được phát hành: Santiago Jurídica de Chile 2001
Loạt:Colección Textos Legales, 160
Những chủ đề:
Các nhãn: Thêm thẻ
Không có thẻ, Là người đầu tiên thẻ bản ghi này!

MARC

LEADER 00000nam a2200000 a 4500
001 UCN7600
003 CL-VaPUC
008 011018e20010900CL |||||||||||||||||spa|d
082 0 4 |a 348.022  |b LEY  |2 21 
245 1 0 |a Leyes Nos. 19.701 a 19.725: tratados internacionales, sumario 
300 |a 344 p 
942 |c BK 
945 |d 20011018 00:00:00  |a vberengu 
260 |a Santiago  |b Jurídica de Chile  |c 2001 
650 0 |a Tratados internacionales   |9 256056 
650 7 |a LEGISLACION CHILENA  |2 CL-VaPUC  |9 404063 
583 |a last modification  |c 20011018 00:00:00  |k Rodrigo Vera 
490 0 |a Colección Textos Legales, 160 
999 |c 297841  |d 297839